Spot the British Prime Ministers II Quiz Stats

 Plays Quiz Updated Nov 16, 2019

Score 0/8 Timer 04:00
0 Plays Today
% Correct
Winston Churchill
1940-1945 and 1951-1955
96.8%
Neville Chamberlain
1937-1940
84.1%
Harold Macmillan
1957-1963
77.3%
Clement Attlee
1945-1951
73.9%
Edward Heath
1970-1974
70.9%
Harold Wilson
1964-1970 and 1974-1976
70.8%
Anthony Eden
1955-1957
70.3%
Alec Douglas-Home
1963-1964
46%

You're not logged in!

Compare scores with friends on all Sporcle quizzes.
OR
Log In

Sporcle TV

Today on Sporcle TV


Watch our educational content, quiz creation guides, and fun videos on Sporcle TV.

Show Comments

Extras

Top Quizzes Today


Score Distribution

Your Account Isn't Verified!

In order to create a playlist on Sporcle, you need to verify the email address you used during registration. Go to your Sporcle Settings to finish the process.

Report this User

Report this user for behavior that violates our Community Guidelines.

Details: